<?xml version="1.0" encoding="UTF-8"?>
<record
    xmlns:xsi="http://www.w3.org/2001/XMLSchema-instance"
    xsi:schemaLocation="http://www.loc.gov/MARC21/slim http://www.loc.gov/standards/marcxml/schema/MARC21slim.xsd"
    xmlns="http://www.loc.gov/MARC21/slim">

  <leader>00839na  a2200217   4500</leader>
  <controlfield tag="001">21313</controlfield>
  <controlfield tag="003">MIRAKIL</controlfield>
  <controlfield tag="005">20181213154817.0</controlfield>
  <controlfield tag="008">170207b        tu            000 0      </controlfield>
  <datafield tag="040" ind1=" " ind2=" ">
    <subfield code="a">Milas</subfield>
    <subfield code="b">tur</subfield>
    <subfield code="c">TR-AnCHP</subfield>
  </datafield>
  <datafield tag="041" ind1=" " ind2=" ">
    <subfield code="a">tur</subfield>
  </datafield>
  <datafield tag="082" ind1=" " ind2=" ">
    <subfield code="a">351.7225</subfield>
    <subfield code="b">T26i 2007</subfield>
  </datafield>
  <datafield tag="090" ind1=" " ind2=" ">
    <subfield code="a">351.7225 T26i 2007</subfield>
  </datafield>
  <datafield tag="110" ind1=" " ind2=" ">
    <subfield code="a">Tar&#x131;m ve K&#xF6;yi&#x15F;leri Bakanl&#x131;&#x11F;&#x131; Tar&#x131;m Reformu Genel M&#xFC;d&#xFC;rl&#xFC;&#x11F;&#xFC; </subfield>
  </datafield>
  <datafield tag="245" ind1=" " ind2=" ">
    <subfield code="a">2007 mali  y&#x131;l&#x131; kesin hesab&#x131;</subfield>
    <subfield code="c">Tar&#x131;m ve K&#xF6;yi&#x15F;leri Bakanl&#x131;&#x11F;&#x131; Tar&#x131;m Reformu Genel M&#xFC;d&#xFC;rl&#xFC;&#x11F;&#xFC; </subfield>
  </datafield>
  <datafield tag="260" ind1=" " ind2=" ">
    <subfield code="a">Ankara </subfield>
    <subfield code="b">Tar&#x131;m ve K&#xF6;yi&#x15F;leri Bakanl&#x131;&#x11F;&#x131; Tar&#x131;m Reformu Genel M&#xFC;d&#xFC;rl&#xFC;&#x11F;&#xFC; </subfield>
    <subfield code="c">2007</subfield>
  </datafield>
  <datafield tag="300" ind1=" " ind2=" ">
    <subfield code="a">37 s.</subfield>
    <subfield code="b">tbl.</subfield>
    <subfield code="c">20 sm.</subfield>
  </datafield>
  <datafield tag="610" ind1=" " ind2=" ">
    <subfield code="a">Tar&#x131;m ve K&#xF6;yi&#x15F;leri Bakanl&#x131;&#x11F;&#x131;</subfield>
    <subfield code="x">Kesin b&#xFC;t&#xE7;e</subfield>
    <subfield code="y">2007</subfield>
  </datafield>
  <datafield tag="710" ind1=" " ind2=" ">
    <subfield code="a">T.C. Tar&#x131;m ve K&#xF6;yi&#x15F;leri Bakanl&#x131;&#x11F;&#x131; Tar&#x131;m Reformu Genel M&#xFC;d&#xFC;rl&#xFC;&#x11F;&#xFC; </subfield>
  </datafield>
  <datafield tag="942" ind1=" " ind2=" ">
    <subfield code="2">ddc</subfield>
    <subfield code="c">BKS</subfield>
  </datafield>
  <datafield tag="952" ind1=" " ind2=" ">
    <subfield code="a">0001</subfield>
    <subfield code="b">0001</subfield>
    <subfield code="d">2017-02-03</subfield>
    <subfield code="e">2</subfield>
    <subfield code="l">0</subfield>
    <subfield code="o">351.7225 T26i 2007</subfield>
    <subfield code="p">012238</subfield>
    <subfield code="r">2017-02-03 00:00:00</subfield>
    <subfield code="v">0.00</subfield>
    <subfield code="w">2017-02-03</subfield>
    <subfield code="y">BKS</subfield>
  </datafield>
  <datafield tag="952" ind1=" " ind2=" ">
    <subfield code="a">0001</subfield>
    <subfield code="b">0001</subfield>
    <subfield code="d">2017-02-03</subfield>
    <subfield code="e">2</subfield>
    <subfield code="l">0</subfield>
    <subfield code="o">351.7225 T26i 2007</subfield>
    <subfield code="p">012251</subfield>
    <subfield code="r">2017-02-03 00:00:00</subfield>
    <subfield code="t">k.2</subfield>
    <subfield code="v">0.00</subfield>
    <subfield code="w">2017-02-03</subfield>
    <subfield code="y">BKS</subfield>
  </datafield>
  <datafield tag="999" ind1=" " ind2=" ">
    <subfield code="c">1279</subfield>
    <subfield code="d">1279</subfield>
  </datafield>
</record>
